000 00757nam a2200193 4500
001 138880
003 ES-MaACL
005 20231226160947.0
007 t|
008 070214s1953 cu r ||||1| spa d
100 1 _aSantovenia, Emeterio S.
_9103543
245 1 0 _aMartí, hombre de Estado :
_bdiscurso /
_cleído por el académico Dr. Emeterio S. Santovenia y Echaide el día 27 de enero de 1953, conmemorativa del centenario de José Martí.
260 _aLa Habana :
_bAcademia de la Historia de Cuba,
_c1953 (
_fImp. El Siglo XX)
300 _a33 p. ;
_c24 cm.
600 1 4 _aMartí, José,
_d1853-1895-
_xPensamiento político
_9172014
710 2 _aAcademia de la Historia de Cuba.
_91183
852 _aES-MaACL
_j1980-F-23
999 _c138880
_d138880